SAT Words Click Quiz - O - Statistics

General Stats
  • This quiz has been taken 700 times
  • The average score is 13 of 15
Answer Stats
Hint Answer % Correct
Foreigner Outlander
95%
Enthusiastic applause Ovation
95%
Best possible Optimal
94%
Speaker Orator
94%
Conventional; following tradition Orthodox
94%
Swing back and forth Oscillate
93%
Exclude Ostracize
93%
Unclear; not well understood Obscure
90%
Foreboding Ominous
88%
Wealth; abundance Opulence
88%
Candid, frank Outspoken
86%
Elaborately decorated Ornate
82%
Showy, seeking attention Ostentatious
82%
Troublesome; burdensome Onerous
79%
Express one's view or opinion Opine
72%
No matching quizzes found
Score Distribution
Percent of People with Each Score
Percentile by Number Answered
Your Score History
You have not taken this quiz